[Event "Perth op"]
[Site "Perth"]
[Date "2023.01.06"]
[Round "7"]
[White "Arav, Nathan"]
[Black "Ley, Nick"]
[Result "1-0"]
[WhiteElo "1422"]
[BlackElo "695"]
[PlyCount "70"]
[EventDate "2023.01.02"]
[EventType "swiss"]
[EventRounds "11"]
[EventCountry "AUS"]
[SourceTitle "CBM 212 Extra"]
[Source "ChessBase"]
[SourceDate "2023.03.31"]
[SourceVersion "1"]
[SourceVersionDate "2023.03.31"]
[SourceQuality "1"]

1. d4 d6 2. c4 Nf6 3. Nc3 c6 4. Nf3 Qa5 5. Bd2 Qc7 6. e3 e5 7. dxe5 dxe5 8. e4 Be7 9. Qc2 Bg4 10. Be2 Na6 11. a3 Nc5 12. b4 Ne6 13. Be3 Bxf3 14. Bxf3 0-0 15. 0-0 b6 16. Ne2 c5 17. bxc5 Bxc5 18. Bd2 Nd4 19. Nxd4 Bxd4 20. Rac1 a5 21. Qb3 h6 22. Be3 Rfd8 23. Rfd1 Qc5 24. Bxd4 Rxd4 25. Rxd4 Qxd4 26. c5 bxc5 27. Rd1 c4 28. Qb7 Qa7 29. Rd8+ Rxd8 30. Qxa7 Nxe4 31. Qc7 Rd4 32. Qc8+ Kh7 33. Bxe4+ g6 34. Bc2 e4 35. h3 e3 1-0

[Event "Perth op"]
[Site "Perth"]
[Date "2023.01.05"]
[Round "6"]
[White "Ley, Nick"]
[Black "De Vas, Senudi"]
[Result "1-0"]
[WhiteElo "695"]
[BlackElo "1276"]
[PlyCount "69"]
[EventDate "2023.01.02"]
[EventType "swiss"]
[EventRounds "11"]
[EventCountry "AUS"]
[SourceTitle "CBM 212 Extra"]
[Source "ChessBase"]
[SourceDate "2023.03.31"]
[SourceVersion "1"]
[SourceVersionDate "2023.03.31"]
[SourceQuality "1"]

1. c4 e6 2. Nc3 d5 3. cxd5 exd5 4. d4 Nf6 5. g3 Bf5 6. Bg2 c6 7. Nf3 Bd6 8. 0-0 0-0 9. Bg5 Nbd7 10. e3 h6 11. Bxf6 Nxf6 12. Nh4 Bh7 13. f4 Qb6 14. Rf2 Rfe8 15. Qe2 Rab8 16. f5 Qa6 17. Qd2 Ng4 18. Rf3 g6 19. h3 Nf6 20. fxg6 fxg6 21. Rxf6 Be7 22. Nxd5 Kg7 23. Re6 Bxh4 24. Rxe8 Rxe8 25. Nc7 Bg5 26. Nxe8+ Kf7 27. Nd6+ Ke7 28. Ne4 Ke6 29. Nxg5+ hxg5 30. Qf2 Qb5 31. Rf1 Qf5 32. Qe2 Qa5 33. Qc4+ Kd6 34. Qf7 c5 35. Rf6# 1-0